| 000 | 04466cam a22006974i 4500 | ||
|---|---|---|---|
| 003 | PE-LiUPU | ||
| 005 | 20250731165537.0 | ||
| 008 | 150625s1980 sp a r 000 0 spa d | ||
| 035 | _a(Sirsi) a32243 | ||
| 040 |
_aPE-LiUPU _bspa _cPE-LiUPU _erda |
||
| 082 | 0 | 4 |
_a746.4303 _bS23 _221 |
| 110 | 2 | _aSarpe | |
| 245 | 1 | 0 |
_aGran enciclopedia punto y costura : _bganchillo, bordado y trabajos manuales / _cSarpe. |
| 264 | 1 |
_aMadrid : _bSarpe, _c1980. |
|
| 300 |
_a1-8 volumenes : _bilustraciones ; _c29 centímetros |
||
| 336 |
_atext _2rdacontent |
||
| 337 |
_aunmediated _2rdamedia |
||
| 338 |
_avolume _2rdacarrier |
||
| 505 | 0 |
_aTomo I, _tGran enciclopedia punto y costura. |
|
| 505 | 0 |
_aTomo II, _tGran enciclopedia punto y costura. |
|
| 505 | 0 |
_aTomo III, _tGran enciclopedia punto y costura. |
|
| 505 | 0 |
_aTomo IV, _tGran enciclopedia punto y costura. |
|
| 505 | 0 |
_aTomo V, _tGran enciclopedia punto y costura. |
|
| 505 | 0 |
_aTomo VI, _tGran enciclopedia punto y costura. |
|
| 505 | 0 |
_aTomo VII, _tGran enciclopedia punto y costura. |
|
| 505 | 0 |
_aTomo VIII, _tGran enciclopedia punto y costura. |
|
| 526 | _aSEG44 | ||
| 526 | _aSEG26 | ||
| 526 | _aP151 | ||
| 526 | _aP150 | ||
| 526 | _aP149 | ||
| 526 | _aP146 | ||
| 526 | _aP145 | ||
| 526 | _aP126 | ||
| 526 | _aP125 | ||
| 526 | _aP92 | ||
| 526 | _aP75 | ||
| 526 | _aP74 | ||
| 526 | _aP27 | ||
| 526 | _aP15 | ||
| 910 |
_bksl _cksl _d20190507 |
||
| 942 |
_2ddc _cBOOK |
||
| 949 |
_aRC 746.4303 S23 4 _wDEWEY _c1 _i54286 _lCCODEBUL1 _mBUL _p30.00 _r0 _sY _tBOOK _u2015-06-25 _xBIBLIOTECA _zUNKNOWN _0COMPRA _o.STAFF. Colección Ciencias Humanas y Educación |
||
| 949 |
_aRC 746.4303 S23 1 _wDEWEY _c1 _i54283 _lRC _mBUL _r0 _sY _tBOOK _u2015-6-25 _xBIBLIOTECA _zUNKNOWN _0COMPRA _o.STAFF. Colección Ciencias Humanas y Educación |
||
| 949 |
_aRC 746.4303 S23 2 _wDEWEY _c1 _i54284 _lRC _mBUL _r0 _sY _tBOOK _u2015-6-25 _xBIBLIOTECA _zUNKNOWN _0COMPRA _o.STAFF. Colección Ciencias Humanas y Educación |
||
| 949 |
_aRC 746.4303 S23 3 _wDEWEY _c1 _i54285 _d2015-8-28 _e2015-8-28 _kCHECKEDOUT _lRC _mBUL _n1 _rM _sY _tBOOK _u2015-6-25 _xBIBLIOTECA _zUNKNOWN _0COMPRA _o.STAFF. Colección Ciencias Humanas y Educación |
||
| 949 |
_aRC 746.4303 S23 5 _wDEWEY _c1 _i54287 _lRC _mBUL _r0 _sY _tBOOK _u2015-6-25 _xBIBLIOTECA _zUNKNOWN _0COMPRA _o.STAFF. Colección Ciencias Humanas y Educación |
||
| 949 |
_aRC 746.4303 S23 6 _wDEWEY _c1 _i54288 _lRC _mBUL _r0 _sY _tBOOK _u2015-6-25 _xBIBLIOTECA _zUNKNOWN _0COMPRA _o.STAFF. Colección Ciencias Humanas y Educación |
||
| 949 |
_aRC 746.4303 S23 8 _wDEWEY _c1 _i54290 _lCCODEBUL1 _mBUL _p30.00 _r0 _sY _tBOOK _u2015-06-25 _xBIBLIOTECA _zUNKNOWN _0COMPRA _o.STAFF. Colección Ciencias Humanas y Educación |
||
| 949 |
_aRC 746.4303 S23 7 _wDEWEY _c1 _i54289 _lRC _mBUL _r0 _sY _tBOOK _u2015-6-25 _xBIBLIOTECA _zUNKNOWN _0COMPRA _o.STAFF.Colección Ciencias Humanas y Educación |
||
| 596 | _a1 | ||
| 999 |
_aRC 746.4303 S23 8 _wDEWEY _c39878 _i54286 _d39878 _e2015-11-6 _f2021-11-9 _g3 _lCCODEBUL1 _mBUL _n1 _p30.00 _r1 _sY _tBOOK _u2015-6-25 _xEDUCACION _zUNKNOWN _0COMPRA _o.STAFF. Colección Ciencias Humanas y Educación |
||
| 999 |
_aRC 746.4303 S23 8 _wDEWEY _c2 _i54283 _f2021-11-9 _g3 _lCCODEBUL1 _mBUL _p30.00 _r0 _sY _tBOOK _u2019-5-7 _xEDUCACION _PP14 _0COMPRA _o.STAFF. Colección Ciencias Humanas y Educación |
||
| 999 |
_aRC 746.4303 S23 8 _wDEWEY _c3 _i54285 _f2021-11-9 _g3 _lCCODEBUL1 _mBUL _p30.00 _r0 _sY _tBOOK _u2019-5-7 _xEDUCACION _PP14 _0COMPRA _o.STAFF. Colección Ciencias Humanas y Educación |
||
| 999 |
_aRC 746.4303 S23 8 _wDEWEY _c4 _i54284 _f2021-11-9 _g3 _lCCODEBUL1 _mBUL _p30.00 _r0 _sY _tBOOK _u2019-5-7 _xEDUCACION _PP14 _0COMPRA _o.STAFF. Colección Ciencias Humanas y Educación |
||
| 999 |
_aRC 746.4303 S23 8 _wDEWEY _c5 _i54287 _f2021-11-9 _g3 _lCCODEBUL1 _mBUL _p30.00 _r0 _sY _tBOOK _u2019-5-7 _xEDUCACION _PP14 _0COMPRA _o.STAFF. Colección Ciencias Humanas y Educación |
||
| 999 |
_aRC 746.4303 S23 8 _wDEWEY _c6 _i54288 _f2021-11-9 _g3 _lCCODEBUL1 _mBUL _p30.00 _r0 _sY _tBOOK _u2019-5-7 _xEDUCACION _PP14 _0COMPRA _o.STAFF. Colección Ciencias Humanas y Educación |
||
| 999 |
_aRC 746.4303 S23 8 _wDEWEY _c7 _i54289 _f2021-11-9 _g3 _lCCODEBUL1 _mBUL _p30.00 _r0 _sY _tBOOK _u2019-5-7 _xEDUCACION _PP14 _0COMPRA _o.STAFF. Colección Ciencias Humanas y Educación |
||
| 999 |
_aRC 746.4303 S23 8 _wDEWEY _c8 _i54290 _f2021-11-9 _g3 _lCCODEBUL1 _mBUL _p30.00 _r0 _sY _tBOOK _u2019-5-7 _xEDUCACION _PP14 _0COMPRA _o.STAFF. Colección Ciencias Humanas y Educación |
||
| 980 |
_81 _gALBERTO SANCHEZ Responsable de Automatización |
||